<The> Networked Economy of Firms in City-Region Peripheries

Príspevok sa zaoberá sieťovou ekonomikou firiem na perifériách mestského regiónu. Zároveň skúma kľúčové závislosti a interakcie vo vnútri firmy, ich priestorovú artikuláciu a s tým súvisiacu integráciu s mestsko-regionálnymi formami priestorovej ekonomiky.

Gespeichert in:
Bibliographische Detailangaben
1. Verfasser: Salder, Jacob
Format: Buchkapitel
Sprache:Englisch
Schlagworte:
Tags: Tag hinzufügen
Keine Tags, Fügen Sie das erste Tag hinzu!

MARC

LEADER 00000naa a2200000 4500
001 0277689
005 20210803133254.9
041 0 |a eng 
044 |a GB 
245 1 0 |a <The> Networked Economy of Firms in City-Region Peripheries  |c Jacob Salder 
520 |a Príspevok sa zaoberá sieťovou ekonomikou firiem na perifériách mestského regiónu. Zároveň skúma kľúčové závislosti a interakcie vo vnútri firmy, ich priestorovú artikuláciu a s tým súvisiacu integráciu s mestsko-regionálnymi formami priestorovej ekonomiky. 
610 2 0 |a ekonomika priestorová 
610 2 0 |a regióny 
610 2 0 |a mestá 
610 2 0 |a siete sociálne 
610 2 0 |a firmy 
100 1 |a Salder, Jacob